000
00325 a2200157 4500
001
60128
020
_a
040
_c
Anchieta - Pituba
100
_a
Ménard, René
240
1
0
_a
Mitologia Greco-Romana
_l
por
245
1
0
_a
Mitologia Greco-Romana
300
_a
297
362
0
_a
1991
650
4
_a
Mitologia
942
_c
BK
999
_c
60128
_d
60128